000 00498nam a2200181Ia 4500
003 GCL
008 140319s9999 xx 000 0 eng d
040 _aGCL /
_cGCL
082 0 4 _a610.148
_bS M
100 1 _aSLOANE, SHEILA B
245 1 0 _aMEDICAL ABBREVIATIONS & EPONYMS /
_cSLOANE, SHEILA B
260 _a[S.N] :
_bW.B. SAUNDERS COMPANY ،
_c1997
300 _a905 P
650 0 4 _aMEDICAL DICTIOANRY
650 0 4 _aMEDICAL - ABBREVATIONS
650 0 4 _aEPONMYS - DICTIONARY
942 _2ddc
_cBK
999 _c16045
_d16045